Countries by a single non-capital city II - Statistics

General Stats
  • This quiz has been taken 49 times
    25 since last reset
  • The average score is 9 of 16
Answer Stats
City Country % Correct
Chittagong Bangladesh
80%
Odense Denmark
80%
Timbuktu Mali
80%
Lucknow India
75%
Vitoria-Gasteiz Spain
75%
East London South Africa
65%
Mandalay Myanmar
60%
Samarkand Uzbekistan
60%
Bolzano Italy
55%
Makassar Indonesia
50%
Bismarck United States
50%
Multan Pakistan
45%
Encarnación Paraguay
40%
Balzers Liechtenstein
25%
Coro Venezuela
25%
Rabaul Papua New Guinea
10%
No matching quizzes found
Score Distribution
Percent of People with Each Score
Percentile by Number Answered
Your Score History
You have not taken this quiz since the last reset